01666nam a2200385 a 4500001001200000003000800012006001900020007001500039008004100054010001700095020004000112020001500152020001800167020002700185040002100212035002100233050002300254082001200277245011100289260005200400300002200452440005700474500010600531504005300637505006800690533015200758650004400910655002900954700002100983700002701004700002101031710001701052711008501069856012601154ebr10599542CaPaEBRm u cr cn|||||||||890927s1991 gw a sb 101 0 eng d z 89028236  z0899256112 (U.S. : acid-free paper) z3110122057 z9783110122053 z9783110847277 (e-book) aCaPaEBRcCaPaEBR a(OCoLC)84116951214aPD361b.I87 1990eb04a43022000aIssues in Germanic syntaxh[electronic resource] /cedited by Werner Abraham, Wim Kosmeijer, Eric Reuland. aBerlin ;aNew York :bMouton de Gruyter,c1991. ax, 395 p. :bill. 0aTrends in linguistics.pStudies and monographs ;v44 aPapers read at the Fifth Workshop on Comparative Germanic Syntax, held at Groningen, May 23-24, 1988. aIncludes bibliographical references and indexes.0 apt. 1. Phrase structure -- pt. 2. Word order -- pt. 3. Binding. aElectronic reproduction.bPalo Alto, Calif. :cebrary,d2011.nAvailable via World Wide Web.nAccess may be limited to ebrary affiliated libraries. 0aGermanic languagesxSyntaxvCongresses. 7aElectronic books.2local1 aAbraham, Werner.1 aKosmeijer, Wim,d1957-1 aReuland, Eric J.2 aebrary, Inc.2 aWorkshop on Comparative Germanic Syntaxn(5th :d1988 :cGroningen, Netherlands)40uhttp://site.ebrary.com/lib/rucke/Doc?id=10599542zAn electronic book accessible through the World Wide Web; click to view